000 00398nam a2200181Ia 4500
003 0100
008 130227s9999 xx 000 0 und d
040 _cARRUPELIB
050 _aBL1801.W33 1974
100 _aWeber, Max
245 4 _aThe religion of China
260 _aNew York
260 _bThe Free Press
260 _C1964
300 _axliii
300 _b308p. 21cm.
942 _2lcc
_06
999 _c4755
_d4755